| 000 | 00344nam a2200145Ia 4500 | ||
|---|---|---|---|
| 005 | 20251222152611.0 | ||
| 008 | 251222s9999||||xx |||||||||||||| ||spa|| | ||
| 020 | _a9682433878 | ||
| 082 | _a468/M26/Ej.3 | ||
| 100 | _aMartínez Lira, Lourdes | ||
| 245 | 0 | _aDe la Oración al Párrafo | |
| 250 | _a3ra.ed. | ||
| 264 | _bTrillas | ||
| 942 | _cLIB | ||
| 999 |
_c26996 _d26996 |
||